NCLEX-RN: STRATEGIES FOR THE REGISTERED NURSING LICENSING EXAM 2008-2009 EDTION (Record no. 210216)

MARC details
000 -LEADER
fixed length control field 00481nam a22001577a 4500
008 - FIXED-LENGTH DATA ELEMENTS--GENERAL INFORMATION
fixed length control field 240527b |||||||| |||| 00| 0 eng d
020 ## - INTERNATIONAL STANDARD BOOK NUMBER
International Standard Book Number 9781419551819
050 ## - LIBRARY OF CONGRESS CALL NUMBER
Classification number RT 55 .I79 2008
Item number C.1
100 ## - MAIN ENTRY--PERSONAL NAME
Personal name IRWIN, BARBARA J.
245 ## - TITLE STATEMENT
Title NCLEX-RN: STRATEGIES FOR THE REGISTERED NURSING LICENSING EXAM 2008-2009 EDTION
260 ## - PUBLICATION, DISTRIBUTION, ETC.
Place of publication, distribution, etc. NEW YORK
Name of publisher, distributor, etc. KAPLAN PUBLISHING
Date of publication, distribution, etc. 2008
300 ## - PHYSICAL DESCRIPTION
Extent XI, 354P.: ILL.
650 ## - SUBJECT ADDED ENTRY
Topical term or geographic name entry element NURSING EXAMS
700 ## - ADDED ENTRY--PERSONAL NAME
Personal name BURCKHARDT, JUDITH A.
942 ## - ADDED ENTRY ELEMENTS (KOHA)
Source of classification or shelving scheme Library of Congress Classification
Koha item type Long Loan Book
Holdings
Withdrawn status Lost status Source of classification or shelving scheme Damaged status Not for loan Collection Home library Current library Date acquired Inventory number Total checkouts Full call number Barcode Date last seen Copy number Price effective from Koha item type
    Library of Congress Classification     Medicine Kisii University Library Kisii University Library 05/27/2024 098671   RT 55 .I79 2008 000000008679 05/27/2024 C.1 05/27/2024 Long Loan Book